Coupes du Monde de Football: Roumanie - Statistiques

Statistiques générales
  • Ce quiz a été pris 77 fois
  • Le résultat moyen est 10 sur 16
Statistiques - réponses
Réponse % Correct
Argentine
91%
Brésil
90%
Etats-Unis
85%
Uruguay
79%
Colombie
76%
Angleterre
73%
URSS
72%
Suède
69%
Suisse
64%
Tchécoslovaquie
60%
Croatie
57%
Pérou
49%
Cameroun
45%
Irlande
43%
Tunisie
37%
Cuba
24%
Aucun quiz correspondant
Distribution des résultats
% des personnes avec chaque résultat
Percentile par nombre de réponses
Votre historique - résultats
Vous n’avez pas pris ce quiz